书目信息 |
| 题名: |
扬州八怪绘画艺术读解与鉴赏
|
|
| 作者: | 欧阳云 编 | |
| 分册: | ||
| 出版信息: | 西安 陕西人民美术出版社 2010.05 |
|
| 页数: | 185页 | |
| 开本: | 23cm | |
| 丛书名: | ||
| 单 册: | ||
| 中图分类: | J212.05 | |
| 科图分类: | ||
| 主题词: | 绘画评论 , 扬州八怪 , 扬州八怪--中国画--绘画评论 , 中国画 | |
| 电子资源: | ||
| ISBN: | 978-7-5368-2437-9 | |
| 000 | 01044nam0 2200313 450 | |
| 001 | 0100140630 | |
| 005 | 20141020221427.0 | |
| 010 | @a978-7-5368-2437-9@dCNY28.80 | |
| 100 | @a20110126d2010 em y0chiy50 ea | |
| 101 | 0 | @achi |
| 101 | 11 | @achi |
| 102 | @aCN@b610000 | |
| 105 | @aa z 000yy | |
| 106 | @ar | |
| 200 | 1 | @a扬州八怪绘画艺术读解与鉴赏@Ayang zhou ba guai hui hua yi shu du jie yu jian shang@b专著@f欧阳云编@Fou yang yun bian |
| 210 | @a西安@c陕西人民美术出版社@d2010.05 | |
| 215 | @a185页@c彩图@d23cm | |
| 300 | @a国画大师读解与鉴赏 | |
| 330 | @a本书精选了扬州八怪的代表性作品,并精心搜集、编纂了一系列相关资料,将作品与其创作背景、艺术风格分析、生平等有关资料进行有机的结合,对这些艺术作品进行深入的了解和探索。 | |
| 540 | @a扬州八怪绘画艺术读解与鉴赏 | |
| 606 | 0 | @a绘画评论 |
| 606 | 0 | @a扬州八怪 |
| 606 | 0 | @a扬州八怪@x中国画@x绘画评论 |
| 606 | 0 | @a中国画 |
| 690 | @aJ212.05@v5 | |
| 701 | 0 | @a欧阳云@Aou yang yun@4编 |
| 801 | @aCN | |
| 901 | @a001 | |
| 905 | @b1103665-7@dJ212.05@eO59501.@f3@a241430 | |
| 扬州八怪绘画艺术读解与鉴赏/欧阳云编.-西安:陕西人民美术出版社,2010.05 |
| 185页:彩图;23cm |
| 国画大师读解与鉴赏 |
| ISBN 978-7-5368-2437-9:CNY28.80 |
| 本书精选了扬州八怪的代表性作品,并精心搜集、编纂了一系列相关资料,将作品与其创作背景、艺术风格分析、生平等有关资料进行有机的结合,对这些艺术作品进行深入的了解和探索。 |
| ● |
| 相关链接 |
|
|
|
正题名:扬州八怪绘画艺术读解与鉴赏
索取号:J212.05/O59501.
 
预约/预借
| 序号 | 登录号 | 条形码 | 馆藏地/架位号 | 状态 | 备注 |
| 1 | 1103665 | 211036653 | 自科二线404/309社科库 68排4列4层/ [索取号:J212.05/O59501.] | 在馆 | |
| 2 | 1103666 | 211036662 | 自科二线404/309社科库 68排4列4层/ [索取号:J212.05/O59501.] | 在馆 | |
| 3 | 1103667 | 211036671 | 自科二线404/309社科库 68排4列4层/ [索取号:J212.05/O59501.] | 在馆 |